[Event "EIBCC 2019"]
[Site "Tallinn"]
[Date "2019.12.07"]
[Round "16.22"]
[White "Saveliev, Alexei"]
[Black "Ladva, Ottomar"]
[Result "0-1"]
[WhiteElo "2279"]
[BlackElo "2457"]
[Annotator "ChessBase"]
[PlyCount "76"]
[EventDate "2019.12.06"]
[EventType "swiss"]
[EventCountry "EST"]
[SourceTitle "playchess.com"]
[Source "ChessBase"]
[SourceQuality "1"]

1. e4 g6 2. h4 d5 3. exd5 Qxd5 4. Nc3 Qd6 5. d4 Nf6 6. Nge2 Nc6 7. Bf4 Qd8 8. Qd2 Bg7 9. O-O-O Nd5 10. Be3 Nxe3 11. fxe3 Bg4 12. Re1 e5 13. d5 Ne7 14. Ng3 h5 15. Nge4 O-O 16. Ng5 Nf5 17. Nce4 Bh6 18. g3 Nd6 19. Bg2 Nxe4 20. Nxe4 Bf5 21. Rhf1 Bxe4 22. Bxe4 f5 23. Bg2 Qd6 24. Rg1 e4 25. Bf1 Bg7 26. Bc4 Kh7 27. Bb3 b5 28. c3 a5 29. a3 b4 30. cxb4 axb4 31. a4 Be5 32. Kb1 Bxg3 33. Rc1 Ra6 34. Qe2 Bxh4 35. Rh1 Bf6 36. Rxh5+ gxh5 37. Qxh5+ Kg8 38. Rg1+ Bg7 0-1

[Event "EIBCC 2019"]
[Site "Tallinn"]
[Date "2019.12.07"]
[Round "16.23"]
[White "Belyakov, Bogdan"]
[Black "Ortega Ruiz, Jose Miguel"]
[Result "1/2-1/2"]
[WhiteElo "2431"]
[BlackElo "2272"]
[Annotator "NA"]
[PlyCount "67"]
[EventDate "2019.12.06"]
[EventType "swiss"]
[EventCountry "EST"]
[SourceTitle "playchess.com"]
[Source "ChessBase"]
[SourceQuality "1"]

1. e4 d5 2. exd5 Qxd5 3. Nc3 Qa5 4. Bc4 Nf6 5. d3 c6 6. h3 Bf5 7. Nf3 e6 8. Nh4 Nbd7 9. Bd2 Bg6 10. Nxg6 hxg6 11. O-O Qc7 12. Re1 O-O-O 13. a4 Bd6 14. a5 Rh5 15. a6 b6 16. Ne4 Nxe4 17. Rxe4 Rdh8 18. b4 g5 19. b5 Nf6 20. bxc6 Nxe4 21. dxe4 Bc5 22. Qf3 g4 23. Qxg4 Qe5 24. Rf1 Bd6 25. Rd1 Kc7 26. Qf3 f6 27. Bc3 Qc5 28. Bxe6 Rg5 29. Bd4 Qxc2 30. Be3 Rxh3 31. Bxh3 Rb5 32. Bf4 Be5 33. Bxe5+ Rxe5 34. Qg4 1/2-1/2

[Event "EIBCC 2019"]
[Site "Tallinn"]
[Date "2019.12.07"]
[Round "16.24"]
[White "Zelbel, Patrick"]
[Black "Shapiro, Viktor"]
[Result "1/2-1/2"]
[WhiteElo "2425"]
[BlackElo "2267"]
[Annotator "NA"]
[PlyCount "157"]
[EventDate "2019.12.06"]
[EventType "swiss"]
[EventCountry "EST"]
[SourceTitle "playchess.com"]
[Source "ChessBase"]
[SourceQuality "1"]

1. e4 Nf6 2. e5 Nd5 3. d4 d6 4. c4 Nb6 5. exd6 cxd6 6. Nc3 g6 7. h4 h5 8. a4 a5 9. Nf3 Bg4 10. Be2 Bg7 11. Be3 Nc6 12. b3 O-O 13. Rc1 d5 14. c5 Nc8 15. Nb5 e6 16. Ng5 Bxe2 17. Qxe2 e5 18. dxe5 Bxe5 19. O-O Re8 20. Qf3 f6 21. Nh3 N8e7 22. Nf4 Kf7 23. Rfd1 Bxf4 24. Bxf4 Kg7 25. Nc7 Qd7 26. Nxa8 Rxa8 27. Bd6 Kf7 28. Qf4 Qf5 29. Qxf5 gxf5 30. Rc3 Rg8 31. Rg3 Rg4 32. Rxg4 fxg4 33. Bxe7 Nxe7 34. Kf1 Ke6 35. Ke2 Nc6 36. Ke3 Ke5 37. f4+ gxf3 38. Kxf3 Nd4+ 39. Rxd4 Kxd4 40. g4 hxg4+ 41. Kxg4 Ke3 42. h5 d4 43. h6 d3 44. h7 d2 45. h8=Q d1=Q+ 46. Kf5 Qc2+ 47. Kg4 Qe4+ 48. Kg3 Qf3+ 49. Kh2 Qf2+ 50. Kh1 Qf3+ 51. Kh2 Qf4+ 52. Kg2 Qg5+ 53. Kh1 Kf2 54. Qh2+ Kf1 55. Qh3+ Ke2 56. Qh2+ Kd3 57. Qd6+ Kc3 58. Qb6 Qd5+ 59. Kh2 f5 60. Qxa5+ Kxb3 61. Qb5+ Kc3 62. Qa5+ Kd4 63. Qb4+ Ke5 64. Qb2+ Ke6 65. Qb6+ Kd7 66. Kg3 Qc6 67. Qb4 Qe4 68. Qb5+ Kc8 69. Qa5 f4+ 70. Kf2 Qe3+ 71. Kf1 f3 72. Qa8+ Kc7 73. Qa5+ Kd7 74. Qb5+ Kd8 75. Qa5+ Kc8 76. Qa8+ Kd7 77. Qa5 Kc8 78. Qb5 Qc1+ 79. Kf2 1/2-1/2

[Event "EIBCC 2019"]
[Site "Tallinn"]
[Date "2019.12.07"]
[Round "16.25"]
[White "Shubin, Kirill"]
[Black "Shvyrjov, Igor"]
[Result "1-0"]
[WhiteElo "2401"]
[BlackElo "2273"]
[Annotator "NA"]
[PlyCount "104"]
[EventDate "2019.12.06"]
[EventType "swiss"]
[EventCountry "EST"]
[SourceTitle "playchess.com"]
[Source "ChessBase"]
[SourceQuality "1"]

1. e4 g6 2. d4 Bg7 3. Nc3 d6 4. Nf3 c6 5. Be3 Bg4 6. Be2 Qb6 7. Rb1 Nd7 8. O-O Ngf6 9. e5 Nd5 10. exd6 Nxe3 11. fxe3 exd6 12. Ng5 Bxe2 13. Qxe2 O-O 14. Kh1 Rae8 15. Qg4 Nf6 16. Qh4 h6 17. Nh3 g5 18. Qg3 d5 19. Rf5 Ne4 20. Nxe4 Rxe4 21. Nxg5 Re7 22. Nh3 Rfe8 23. Rf3 Qa5 24. Nf4 Kh8 25. Nh5 Rg8 26. Qh3 Bf8 27. Rbf1 Qd2 28. Ng3 Rxe3 29. Rxf7 Re1 30. Qh4 Rxf1+ 31. Rxf1 Qxc2 32. b3 Bg7 33. Rg1 Qf2 34. Qh5 Qxd4 35. Rf1 Qe5 36. Rf5 Qa1+ 37. Rf1 Qe5 38. Rf5 Qa1+ 39. Rf1 Qxa2 40. Nf5 Bf8 41. Rg1 Qd2 42. h4 Qf4 43. g3 Qe4+ 44. Kh2 Kh7 45. Rg2 Rg6 46. Re2 Qd3 47. Kh3 Bd6 48. Rg2 Be5 49. Rg1 Qe4 50. Rg2 c5 51. Re2 Qh1+ 52. Rh2 Qf1+ 1-0

[Event "EIBCC 2019"]
[Site "Tallinn"]
[Date "2019.12.07"]
[Round "16.26"]
[White "Sysolyatin, Evgeny"]
[Black "Chibukhchyan, Erik"]
[Result "1-0"]
[WhiteElo "2396"]
[BlackElo "2230"]
[Annotator "NA"]
[PlyCount "85"]
[EventDate "2019.12.06"]
[EventType "swiss"]
[EventCountry "EST"]
[SourceTitle "playchess.com"]
[Source "ChessBase"]
[SourceQuality "1"]

1. e4 e5 2. Nf3 Nc6 3. d4 exd4 4. Nxd4 Bc5 5. Nxc6 bxc6 6. Bd3 Qh4 7. O-O Nf6 8. Qf3 Ng4 9. h3 Ne5 10. Qe2 d6 11. Be3 Bb6 12. Nd2 Nxd3 13. Qxd3 O-O 14. Bxb6 axb6 15. a3 Ra5 16. Rfe1 Qh5 17. Re3 Re8 18. Rae1 Rg5 19. f4 Rg6 20. e5 d5 21. c4 Bf5 22. Qc3 dxc4 23. Nxc4 Qh4 24. Rf1 h5 25. Nd2 c5 26. Ne4 Qe7 27. b4 cxb4 28. axb4 h4 29. Rc1 Rc8 30. Nf2 c5 31. bxc5 Rxc5 32. Qe1 Rgc6 33. Rxc5 Rxc5 34. Ne4 Bxe4 35. Rxe4 Rc2 36. Re2 Qc5+ 37. Kh2 Rc1 38. Qf2 Qc4 39. Rd2 Rf1 40. Rd8+ Kh7 41. Qxh4+ Kg6 42. Qg5+ Kh7 43. Qh5# 1-0

[Event "EIBCC 2019"]
[Site "Tallinn"]
[Date "2019.12.07"]
[Round "16.27"]
[White "Poznyak, Nazar"]
[Black "Kozak, Adam"]
[Result "1/2-1/2"]
[WhiteElo "2211"]
[BlackElo "2385"]
[Annotator "NA"]
[PlyCount "159"]
[EventDate "2019.12.06"]
[EventType "swiss"]
[EventCountry "EST"]
[SourceTitle "playchess.com"]
[Source "ChessBase"]
[SourceQuality "1"]

1. d4 Nf6 2. c4 e6 3. Nc3 Bb4 4. e3 O-O 5. Nge2 c6 6. a3 Ba5 7. b4 Bc7 8. c5 d5 9. cxd6 Bxd6 10. g3 Nbd7 11. Bg2 e5 12. O-O exd4 13. Nxd4 Nb6 14. Qc2 Qe7 15. Re1 Be5 16. Nf3 Bf5 17. e4 Bxc3 18. Qxc3 Nxe4 19. Nd4 Nxc3 20. Rxe7 Bd7 21. Bd2 Ncd5 22. Bxd5 cxd5 23. Rc1 Rac8 24. Rc5 Rfe8 25. Rxe8+ Bxe8 26. Nf5 Rxc5 27. bxc5 Nc4 28. Bb4 Bc6 29. Nd6 Ne5 30. Bc3 Nd7 31. Bd4 f6 32. Kf1 Nf8 33. Ke2 Ne6 34. Ke3 Kf8 35. Kd3 Ke7 36. Nc8+ Kd7 37. Nxa7 Ba4 38. Kc3 Kc7 39. Kb4 Nxd4 40. Kxa4 Ne6 41. Kb4 Ng5 42. Nb5+ Kd7 43. Nd6 Kc6 44. Nf5 Ne4 45. Ne7+ Kd7 46. Nxd5 Nxf2 47. Kb5 Nd3 48. Kb6 Kc8 49. Ne7+ Kb8 50. Nf5 Ne5 51. a4 Nc4+ 52. Kb5 Nd2 53. Nxg7 Nf1 54. Nh5 Nxh2 55. Nxf6 Nf1 56. g4 h6 57. a5 Ne3 58. Nd7+ Ka7 59. Ne5 Kb8 60. c6 bxc6+ 61. Kxc6 Ka7 62. Kb5 Kb7 63. a6+ Ka7 64. Nc6+ Ka8 65. Ne5 Ka7 66. Ka5 Kb8 67. Kb6 Ka8 68. a7 Nd5+ 69. Ka6 Nb4+ 70. Kb5 Nd5 71. Nc6 Kb7 72. Nd4 Nf6 73. Nf5 Nxg4 74. Kc5 h5 75. Kd5 Kxa7 76. Ke4 Nf6+ 77. Kf4 Kb6 78. Kg5 Ne4+ 79. Kxh5 Ng3+ 80. Nxg3 1/2-1/2

[Event "EIBCC 2019"]
[Site "Tallinn"]
[Date "2019.12.07"]
[Round "16.28"]
[White "Dorokhin, Mykhailo"]
[Black "Sorensen, Hampus"]
[Result "1-0"]
[WhiteElo "2364"]
[BlackElo "2196"]
[Annotator "NA"]
[PlyCount "121"]
[EventDate "2019.12.06"]
[EventType "swiss"]
[EventCountry "EST"]
[SourceTitle "playchess.com"]
[Source "ChessBase"]
[SourceQuality "1"]

1. f4 d5 2. Nf3 g6 3. e3 Bg7 4. d4 Nh6 5. Be2 O-O 6. O-O Nf5 7. Qe1 c5 8. c3 b6 9. g4 Nd6 10. h3 Ba6 11. Bxa6 Nxa6 12. Qe2 Nc7 13. Bd2 c4 14. Be1 b5 15. Nbd2 Rb8 16. e4 dxe4 17. Nxe4 Nxe4 18. Qxe4 Re8 19. f5 Qd5 20. Qe3 e6 21. fxg6 fxg6 22. Bg3 Rb7 23. Rae1 a5 24. Be5 Qd7 25. Ng5 Nd5 26. Qg3 h6 27. Rf7 Qc8 28. Rxg7+ Rxg7 29. Bxg7 Kxg7 30. Qe5+ Kg8 31. Nxe6 Qd7 32. Kf2 Nf4 33. Qxf4 Rxe6 34. Qb8+ Kh7 35. Rxe6 Qxe6 36. Qc7+ Kg8 37. Qe5 Qf7+ 38. Ke2 b4 39. Qxa5 Qf4 40. Qd8+ Kh7 41. Qd7+ Kg8 42. Qc8+ Kh7 43. Qb7+ Kg8 44. Qd5+ Kh7 45. Qxc4 Qh2+ 46. Kd1 Qxb2 47. cxb4 Qh2 48. Qb3 Qh1+ 49. Kd2 Qg2+ 50. Kc1 Qh1+ 51. Kb2 Qg1 52. Qc3 Qf2+ 53. Ka3 Qg2 54. b5 Qa8+ 55. Kb4 Qxa2 56. b6 Qb1+ 57. Kc5 Kg8 58. Kc6 Qe4+ 59. d5 Kf7 60. b7 Qe8+ 61. Kb6 1-0

[Event "EIBCC 2019"]
[Site "Tallinn"]
[Date "2019.12.07"]
[Round "16.29"]
[White "D`Costa, Lorin"]
[Black "Azimov, Ilyas"]
[Result "1/2-1/2"]
[WhiteElo "2361"]
[BlackElo "2183"]
[Annotator "NA"]
[PlyCount "164"]
[EventDate "2019.12.06"]
[EventType "swiss"]
[EventCountry "EST"]
[SourceTitle "playchess.com"]
[Source "ChessBase"]
[SourceQuality "1"]

1. d4 Nf6 2. Bf4 d5 3. e3 c5 4. dxc5 Nc6 5. Bb5 e6 6. b4 Bd7 7. c3 a5 8. Qb3 axb4 9. cxb4 Ne4 10. Ne2 Be7 11. Nbc3 Nxc3 12. Nxc3 O-O 13. O-O Bf6 14. Bd6 Re8 15. Rab1 Ne5 16. a4 Bc6 17. Rfd1 Ng6 18. Bxc6 bxc6 19. b5 Qc8 20. e4 Bxc3 21. Qxc3 dxe4 22. Rb4 f5 23. Qb3 Qb7 24. h3 h6 25. Rdd4 Kh7 26. bxc6 Qxc6 27. Rb6 Qd7 28. c6 Qc8 29. c7 e5 30. Rdb4 Qd7 31. Qd5 Rac8 32. Qc6 Qf7 33. Qc4 Qd7 34. Qc6 Qf7 35. Rb8 Nf4 36. Rxc8 Rxc8 37. Bxe5 Nd3 38. Rb5 Nxe5 39. Rxe5 Rxc7 40. Qb5 Rc1+ 41. Kh2 Qc7 42. g3 Qc8 43. Rxf5 e3 44. Qd3 Kh8 45. fxe3 Rc2+ 46. Kg1 Rc1+ 47. Kg2 Qc6+ 48. e4 Rc2+ 49. Rf2 Rxf2+ 50. Kxf2 Qxa4 51. h4 Qa2+ 52. Kf3 Qf7+ 53. Ke3 Qg6 54. Qd8+ Kh7 55. Qc7 Qe6 56. Qf4 Qb3+ 57. Kf2 Qc2+ 58. Kf3 Qd1+ 59. Kg2 Qe2+ 60. Kh3 Qd1 61. Qf5+ Kh8 62. h5 Qh1+ 63. Kg4 Qd1+ 64. Kf4 Qc1+ 65. Ke5 Qc3+ 66. Kf4 Qc1+ 67. Kg4 Qd1+ 68. Qf3 Qd7+ 69. Kh4 Qe7+ 70. Kh3 Qd7+ 71. g4 Qd2 72. e5 Qe1 73. Qf8+ Kh7 74. Qf5+ Kh8 75. e6 Qe3+ 76. Kg2 Qe2+ 77. Kg3 Qe3+ 78. Kg2 Qe2+ 79. Kh3 Qe3+ 80. Kh4 Qe1+ 81. Kh3 Qe3+ 82. Kg2 Qe2+ 1/2-1/2

[Event "EIBCC 2019"]
[Site "Tallinn"]
[Date "2019.12.07"]
[Round "16.30"]
[White "Blohberger, Felix"]
[Black "Vasiliev, Georgiy"]
[Result "1-0"]
[WhiteElo "2330"]
[BlackElo "2126"]
[Annotator "NA"]
[PlyCount "133"]
[EventDate "2019.12.06"]
[EventType "swiss"]
[EventCountry "EST"]
[SourceTitle "playchess.com"]
[Source "ChessBase"]
[SourceQuality "1"]

1. d4 d5 2. Bf4 Nf6 3. e3 c5 4. c3 Nc6 5. Nd2 e6 6. Ngf3 Bd6 7. Bg3 O-O 8. Bb5 cxd4 9. exd4 Nh5 10. Bxd6 Qxd6 11. O-O Nf4 12. g3 Ng6 13. Re1 a6 14. Bd3 b5 15. h4 e5 16. dxe5 Ngxe5 17. Nxe5 Nxe5 18. Bxh7+ Kxh7 19. Qh5+ Kg8 20. Qxe5 Qg6 21. Nf3 Qc2 22. Qe2 Qg6 23. Nd4 Bg4 24. Qe5 Rad8 25. Qg5 Qxg5 26. hxg5 f6 27. f3 Bc8 28. gxf6 Rxf6 29. Re7 Rf7 30. Rae1 Kf8 31. Rxf7+ Kxf7 32. a3 Kf6 33. Kg2 Rh8 34. g4 g5 35. Kg3 Bd7 36. Nb3 Rc8 37. Rh1 Kg6 38. Rd1 Bc6 39. Re1 Kf6 40. Nc5 a5 41. Re6+ Kf7 42. Re5 Kf6 43. Rf5+ Kg6 44. Re5 Kf6 45. Re6+ Kf7 46. Re1 Rb8 47. b4 axb4 48. axb4 Ra8 49. Re5 Ra3 50. Rxg5 Rxc3 51. Rf5+ Kg6 52. Rf4 Rc4 53. Ne6 Rc3 54. g5 Rb3 55. Rf6+ Kh7 56. Nd4 Rxb4 57. Nxc6 Rc4 58. Ne5 Rc3 59. Rf7+ Kg8 60. g6 b4 61. Rb7 Re3 62. Kf4 Re1 63. Rxb4 Rg1 64. Rd4 Kg7 65. Rxd5 Kh6 66. Ng4+ Kxg6 67. Rg5+ 1-0

[Event "EIBCC 2019"]
[Site "Tallinn"]
[Date "2019.12.07"]
[Round "16.31"]
[White "Putka, Verners"]
[Black "Babanin, Gleb"]
[Result "0-1"]
[WhiteElo "2448"]
[BlackElo "2201"]
[Annotator "NA"]
[PlyCount "56"]
[EventDate "2019.12.06"]
[EventType "swiss"]
[EventCountry "EST"]
[SourceTitle "playchess.com"]
[Source "ChessBase"]
[SourceQuality "1"]

1. d4 d5 2. Nf3 e6 3. g3 b5 4. Qd3 a6 5. Nbd2 Bb7 6. Bg2 Nf6 7. O-O Nbd7 8. a4 b4 9. c4 bxc3 10. bxc3 c5 11. c4 dxc4 12. Nxc4 Be7 13. dxc5 Nxc5 14. Qe3 O-O 15. Ba3 Nd5 16. Qe5 Rc8 17. Rab1 Ba8 18. e4 Nd3 19. Qd4 Bxa3 20. exd5 Bc5 21. Qxd3 Bxd5 22. Ne3 Bxe3 23. Qxe3 Qa5 24. Ra1 Rc4 25. Nd2 Rxa4 26. Rxa4 Qxa4 27. Bxd5 exd5 28. Qd4 Qxd4 0-1

[Event "EIBCC 2019"]
[Site "Tallinn"]
[Date "2019.12.07"]
[Round "16.32"]
[White "Mohr, Georg"]
[Black "Troyke, Christian"]
[Result "1-0"]
[WhiteElo "2458"]
[BlackElo "2247"]
[Annotator "ChessBase"]
[PlyCount "132"]
[EventDate "2019.12.06"]
[EventType "swiss"]
[EventCountry "EST"]
[SourceTitle "playchess.com"]
[Source "ChessBase"]
[SourceQuality "1"]

1. e4 c5 2. Nf3 g6 3. d4 cxd4 4. Nxd4 Bg7 5. Nc3 Nc6 6. Nde2 Nf6 7. g3 b5 8. Bg2 Rb8 9. O-O O-O 10. h3 d6 11. Be3 a5 12. f4 Bd7 13. Nd5 e6 14. Nxf6+ Bxf6 15. c3 Qc7 16. a3 Rfd8 17. Qd2 Be8 18. Nd4 b4 19. cxb4 Nxd4 20. Bxd4 Bxd4+ 21. Qxd4 axb4 22. a4 b3 23. Rfc1 Qa5 24. Qc3 Qa7+ 25. Kh2 Bd7 26. a5 Rdc8 27. Qd2 Rxc1 28. Rxc1 Ba4 29. Qxd6 Ra8 30. e5 Qf2 31. Qa3 Qd2 32. Rf1 Bc6 33. Rg1 Rxa5 34. Qxb3 Rc5 35. Qb8+ Kg7 36. Qd6 Qf2 37. Kh1 Rc2 38. Qxc6 Rxc6 39. Bxc6 Qxb2 40. Bg2 Qc3 41. Kh2 Qd2 42. h4 h6 43. Rf1 Qe3 44. Rf3 Qd2 45. Rf1 g5 46. hxg5 hxg5 47. Rf3 Kg6 48. Rf1 Kh5 49. Rf3 Kg6 50. Rf1 gxf4 51. gxf4 Kf5 52. Rf3 Kg4 53. Rf1 Qe2 54. Ra1 Kxf4 55. Rf1+ Kxe5 56. Kg3 Qe3+ 57. Bf3 f5 58. Rf2 Qg5+ 59. Kh2 Kd4 60. Rg2 Qf4+ 61. Rg3 e5 62. Kg2 e4 63. Be2 Qd2 64. Kf1 f4 65. Rg4 Ke3 66. Rg2 Qc1+ 1-0

[Event "EIBCC 2019"]
[Site "Tallinn"]
[Date "2019.12.07"]
[Round "16.33"]
[White "Dordzhieva, Dinara"]
[Black "Pohjala, Henri"]
[Result "0-1"]
[WhiteElo "2222"]
[BlackElo "2447"]
[Annotator "NA"]
[PlyCount "116"]
[EventDate "2019.12.06"]
[EventType "swiss"]
[EventCountry "EST"]
[SourceTitle "playchess.com"]
[Source "ChessBase"]
[SourceQuality "1"]

1. Nf3 d5 2. g3 Nf6 3. Bg2 c6 4. c4 e6 5. O-O Nbd7 6. Qc2 Bd6 7. d4 O-O 8. Nbd2 Re8 9. e4 Nxe4 10. Nxe4 dxe4 11. Qxe4 e5 12. Bg5 f6 13. Bd2 exd4 14. Qxd4 Ne5 15. Rad1 Nxf3+ 16. Bxf3 Be5 17. Qh4 Bf5 18. b3 Bc2 19. Be3 Bxd1 20. Rxd1 Qe7 21. Be4 g6 22. Bc2 b6 23. Qe4 Rad8 24. Rf1 c5 25. Qc6 Rd6 26. Qg2 Red8 27. Be4 Kg7 28. Bd5 R6d7 29. Rd1 Re8 30. Qh3 Rdd8 31. Qg2 Bd4 32. Bf4 Qe2 33. Rf1 Qc2 34. Qh3 Re2 35. Qg2 Rde8 36. h4 Rxf2 37. Rxf2 Re1+ 38. Kh2 Qxf2 39. Qxf2 Bxf2 40. Bb8 Ra1 41. Bxa7 Rxa2 42. Bxb6 Bd4+ 43. Kh3 Rb2 44. Bc7 Rxb3 45. Bf4 Be5 46. Bxe5 fxe5 47. Kg4 Kf6 48. h5 Rd3 49. hxg6 hxg6 50. Bg8 Rd4+ 51. Kf3 Ke7 52. Bd5 Kd7 53. Ke3 Kc7 54. Bf7 g5 55. Bd5 Kb6 56. Kf3 Ka5 57. Ke3 Kb4 58. g4 Rxc4 0-1

[Event "EIBCC 2019"]
[Site "Tallinn"]
[Date "2019.12.07"]
[Round "16.34"]
[White "Bru Rullo, Llatzer"]
[Black "Aleksandrov, Aleksej"]
[Result "0-1"]
[WhiteElo "2242"]
[BlackElo "2416"]
[Annotator "NA"]
[PlyCount "92"]
[EventDate "2019.12.06"]
[EventType "swiss"]
[EventCountry "EST"]
[SourceTitle "playchess.com"]
[Source "ChessBase"]
[SourceQuality "1"]

1. d4 Nf6 2. c4 e6 3. Nc3 Bb4 4. e3 O-O 5. Bd3 d5 6. Nf3 c5 7. O-O dxc4 8. Bxc4 Nbd7 9. a3 cxd4 10. exd4 Bxc3 11. bxc3 Qc7 12. Qe2 b6 13. Bd2 Bb7 14. Bd3 Rac8 15. c4 Rfe8 16. Rfe1 Nf8 17. Ne5 Red8 18. Be3 Ng6 19. Bg5 Rxd4 20. Bxf6 gxf6 21. Ng4 Kg7 22. Bxg6 hxg6 23. Ne3 Rcd8 24. Rad1 Qc5 25. Rxd4 Rxd4 26. Qb2 e5 27. Qb4 Rd3 28. Qxc5 bxc5 29. a4 Ra3 30. h4 Rxa4 31. Rd1 Ba6 32. Rd5 Bxc4 33. Rxc5 Be6 34. Rc7 Rxh4 35. Rxa7 Rb4 36. f3 Rb6 37. Rc7 f5 38. Rc3 f4 39. Nf1 Rb1 40. Kf2 Rb2+ 41. Kg1 Kf6 42. Nh2 Bf5 43. Rc6+ Ke7 44. Rc3 Kd6 45. Nf1 e4 46. fxe4 Bxe4 0-1

[Event "EIBCC 2019"]
[Site "Tallinn"]
[Date "2019.12.07"]
[Round "16.35"]
[White "Kunitson, Nikolai"]
[Black "Volodin, Aleksandr"]
[Result "0-1"]
[WhiteElo "2241"]
[BlackElo "2401"]
[Annotator "NA"]
[PlyCount "42"]
[EventDate "2019.12.06"]
[EventType "swiss"]
[EventCountry "EST"]
[SourceTitle "playchess.com"]
[Source "ChessBase"]
[SourceQuality "1"]

1. Nf3 d5 2. g3 c5 3. Bg2 Nf6 4. O-O h6 5. d3 Nc6 6. Nbd2 e5 7. e4 d4 8. Nc4 Qc7 9. a4 Be6 10. Qe2 Be7 11. Nh4 Nd7 12. Nf5 Bxf5 13. exf5 O-O 14. Bxc6 bxc6 15. Nd2 Nf6 16. Ne4 Qd7 17. Nxf6+ Bxf6 18. Qe4 Qd5 19. Re1 c4 20. a5 cxd3 21. cxd3 Rab8 0-1

[Event "EIBCC 2019"]
[Site "Tallinn"]
[Date "2019.12.07"]
[Round "16.36"]
[White "Paakkonen, Timo"]
[Black "Krutti, Valer"]
[Result "1/2-1/2"]
[WhiteElo "2216"]
[BlackElo "2379"]
[Annotator "NA"]
[PlyCount "34"]
[EventDate "2019.12.06"]
[EventType "swiss"]
[EventCountry "EST"]
[SourceTitle "playchess.com"]
[Source "ChessBase"]
[SourceQuality "1"]

1. e4 c6 2. d4 d5 3. e5 Bf5 4. c4 e6 5. Nc3 Bg6 6. Nf3 Ne7 7. Be2 Nd7 8. cxd5 Nxd5 9. O-O Be7 10. Re1 O-O 11. h3 Rc8 12. Bf1 Re8 13. a3 N7b6 14. Ne4 a6 15. g3 c5 16. dxc5 Bxc5 17. Bg5 Ra8 1/2-1/2

[Event "EIBCC 2019"]
[Site "Tallinn"]
[Date "2019.12.07"]
[Round "17.1"]
[White "Andriasian, Zaven"]
[Black "Popov, Valerij"]
[Result "1-0"]
[WhiteElo "2766"]
[BlackElo "2547"]
[Annotator "TA"]
[PlyCount "61"]
[EventDate "2019.12.06"]
[EventType "swiss"]
[EventCountry "EST"]
[SourceTitle "playchess.com"]
[Source "ChessBase"]
[SourceQuality "1"]

1. e4 c6 2. d3 d5 3. Nd2 e5 4. Ngf3 Bd6 5. g3 Nf6 6. Bg2 O-O 7. O-O Re8 8. Re1 dxe4 9. dxe4 Qc7 10. a4 Bg4 11. Nc4 Bc5 12. Ne3 Bh5 13. Nf5 Nbd7 14. h3 Rad8 15. Qe2 a5 16. Bg5 h6 17. Bd2 Qb6 18. b3 Nf8 19. Rad1 Bxf3 20. Qxf3 N8h7 21. h4 h5 22. Bh3 g6 23. Ne3 Bb4 24. Nc4 Qc7 25. c3 Be7 26. Be3 Rxd1 27. Rxd1 b5 28. Nb2 Ba3 29. Nd3 Rd8 30. Rd2 Rd6 31. c4 1-0

[Event "EIBCC 2019"]
[Site "Tallinn"]
[Date "2019.12.07"]
[Round "17.2"]
[White "Lysyj, Igor"]
[Black "Morozevich, Alexander"]
[Result "1-0"]
[WhiteElo "2600"]
[BlackElo "2712"]
[Annotator "TA"]
[PlyCount "97"]
[EventDate "2019.12.06"]
[EventType "swiss"]
[EventCountry "EST"]
[SourceTitle "playchess.com"]
[Source "ChessBase"]
[SourceQuality "1"]

1. d4 e6 2. c4 b6 3. a3 Bb7 4. Nc3 Nf6 5. Nf3 g6 6. Qd3 d5 7. cxd5 exd5 8. g3 Bg7 9. Bg2 O-O 10. O-O Nbd7 11. Bf4 c5 12. Rfd1 c4 13. Qc2 a6 14. a4 Re8 15. Ne5 Rc8 16. Bh3 h6 17. b3 g5 18. Be3 Qc7 19. bxc4 dxc4 20. Nxd7 Nxd7 21. Qf5 Rcd8 22. Rac1 Nf6 23. Bg2 Bc8 24. Qc2 Bb7 25. d5 Rxe3 26. fxe3 Qc5 27. Rd4 b5 28. axb5 axb5 29. Rb1 Ba6 30. Qb2 Ng4 31. Rxg4 Qxe3+ 32. Kh1 Bxc3 33. Qc2 Qd2 34. Qe4 Bc8 35. Bf3 Bxg4 36. Qxg4 b4 37. Qf5 Qd4 38. Be4 Qf6 39. Qh7+ Kf8 40. Kg2 b3 41. Rf1 Qg7 42. Qf5 b2 43. d6 Bb4 44. d7 Be7 45. Bd5 Qf6 46. Qh7 Rxd7 47. Rxf6 Bxf6 48. Bxc4 Rd1 49. Qxf7# 1-0

[Event "EIBCC 2019"]
[Site "Tallinn"]
[Date "2019.12.07"]
[Round "17.3"]
[White "Turov, Maxim"]
[Black "Sargissian, Gabriel"]
[Result "1/2-1/2"]
[WhiteElo "2535"]
[BlackElo "2676"]
[Annotator "ChessBase"]
[PlyCount "65"]
[EventDate "2019.12.06"]
[EventType "swiss"]
[EventCountry "EST"]
[SourceTitle "playchess.com"]
[Source "ChessBase"]
[SourceQuality "1"]

1. d4 Nf6 2. Nf3 d5 3. c4 e6 4. Bg5 Be7 5. Nc3 h6 6. Bxf6 Bxf6 7. cxd5 exd5 8. e3 O-O 9. Bd3 c6 10. h3 Nd7 11. O-O a5 12. Qc2 Re8 13. a3 Nb6 14. Na4 Nxa4 15. Qxa4 Bd7 16. Rfc1 Qb8 17. b4 axb4 18. Qxb4 Be7 19. Qb3 Bd6 20. a4 Ra7 21. Rcb1 Qc7 22. Bc2 Rea8 23. Qc3 Bc8 24. Ne1 Qe7 25. Nd3 Qg5 26. Kf1 Qh4 27. Ne5 Bxe5 28. dxe5 Qe7 29. Rb6 Ra6 30. Rab1 Rxb6 31. Rxb6 Qc7 32. a5 Qe7 33. Kg1 1/2-1/2

[Event "EIBCC 2019"]
[Site "Tallinn"]
[Date "2019.12.07"]
[Round "17.4"]
[White "Guseinov, Gadir"]
[Black "Saric, Ante"]
[Result "1-0"]
[WhiteElo "2593"]
[BlackElo "2577"]
[Annotator "ChessBase"]
[PlyCount "105"]
[EventDate "2019.12.06"]
[EventType "swiss"]
[EventCountry "EST"]
[SourceTitle "playchess.com"]
[Source "ChessBase"]
[SourceQuality "1"]

1. e4 e6 2. d4 d5 3. Nd2 c5 4. Ngf3 cxd4 5. exd5 Qxd5 6. Bc4 Qd6 7. O-O Nf6 8. Nb3 Nc6 9. Nbxd4 Nxd4 10. Nxd4 Be7 11. Re1 O-O 12. c3 Qc7 13. Bb3 Bd7 14. Qf3 Rfd8 15. Bf4 Bd6 16. Bxd6 Qxd6 17. Qxb7 Ng4 18. Nf3 Bc6 19. Qb4 Qxb4 20. cxb4 Rab8 21. Rac1 Bxf3 22. gxf3 Nf6 23. Red1 Rxd1+ 24. Bxd1 Kf8 25. a3 Rb7 26. Ba4 Ke7 27. Bc6 Rc7 28. b5 Nd7 29. Re1 Nb8 30. Be4 Rc5 31. a4 Rc4 32. b3 Rb4 33. Rc1 Kd6 34. Rc8 Nd7 35. Rc6+ Ke5 36. Rc7 Nf6 37. Rxa7 Rxb3 38. Rxf7 g5 39. Kg2 h5 40. h3 h4 41. Rg7 Kf4 42. Rf7 Ke5 43. Rg7 Kf4 44. Rg6 Nh5 45. Rxe6 Ng7 46. Rh6 Ke5 47. b6 Ne6 48. b7 Nf4+ 49. Kh2 Rb2 50. Rh8 Rxf2+ 51. Kg1 Nxh3+ 52. Kh1 Rd2 53. b8=Q+ 1-0

[Event "EIBCC 2019"]
[Site "Tallinn"]
[Date "2019.12.07"]
[Round "17.5"]
[White "Postny, Evgeny"]
[Black "Sanal, Vahap"]
[Result "0-1"]
[WhiteElo "2661"]
[BlackElo "2563"]
[Annotator "TA"]
[PlyCount "112"]
[EventDate "2019.12.06"]
[EventType "swiss"]
[EventCountry "EST"]
[SourceTitle "playchess.com"]
[Source "ChessBase"]
[SourceQuality "1"]

1. d4 g6 2. c4 Bg7 3. e4 d6 4. Nc3 Nd7 5. Nf3 e5 6. Be2 Ne7 7. O-O O-O 8. Re1 Nc6 9. Be3 Re8 10. d5 Ne7 11. Nd2 f5 12. f3 f4 13. Bf2 g5 14. b4 h5 15. c5 Nf6 16. Nc4 g4 17. cxd6 cxd6 18. Nb5 Ng6 19. Ncxd6 g3 20. hxg3 fxg3 21. Bxg3 Rf8 22. Nxc8 Rxc8 23. d6 h4 24. Bh2 Nh5 25. d7 Rc6 26. Rf1 Ng3 27. Rf2 Nf4 28. Bf1 Kh7 29. Nd6 Qxd7 30. Nf5 Qxd1 31. Rxd1 Nxf5 32. exf5 Rxf5 33. Bxf4 Rxf4 34. Bd3+ Kh6 35. Be4 Rb6 36. Rfd2 Rxb4 37. Rd6+ Rf6 38. Rd7 Rd4 39. R1xd4 exd4 40. Rxb7 Rd6 41. Bd3 a5 42. Rb5 a4 43. Ra5 Rc6 44. Rxa4 Rc1+ 45. Kh2 Be5+ 46. Kh3 Kg5 47. f4+ Kxf4 48. g3+ hxg3 49. Ra8 Rh1+ 50. Kg2 Rh2+ 51. Kg1 Rd2 52. Bc4 d3 53. Rd8 Bc7 54. Rd4+ Ke3 55. Rd7 Bb6 56. Rd6 Kf3+ 0-1